Statistiques concernant ils ont reçu la note de 10/10 dans "L'Equipe"

Cliquez ici pour prendre le quiz!

Statistiques générales

  • Ce quiz a été pris 82 fois
  • Le résultat moyen est 5 sur 12

Statistiques - réponses

matchRéponse% Correct
Barcelone-Arsenal (2010); LDCLionel Messi
99%
Barcelone-Leverkusen (2012); LDCLionel Messi
99%
PSG-Dijon (2018); Ligue1Neymar
92%
Ajax Amsterdam-Tottenham (2019); LDCLucas moura
76%
Borussia Dortmund-Real Madrid (2013); LDCRobert Lewandowski
61%
Real Madrid-Ajax Amsterdam (2019); LDCDusan Tadic
53%
Tottenham-Bayern Munich (2019); LDCSerge Gnabry
32%
Guingamp-Nice (2014); Ligue1Carlos Eduardo
15%
Russie-Cameroun (1994); coupe du mondeOleg Salenko
12%
France-Grèce (1988); Euro espoirFranck Sauzée
3%
France-Grèce (1988); Euro espoirBruno Martini
0%
Nantes-Aarhus (1997); C3Lars Windfeld
0%

Distribution des résultats

Percentile par nombre de réponses

% des personnes avec chaque résultat

Votre développement - résultats

Vous n’avez pas pris ce quiz